Prop loads in large braced excavations (Record no. 100361)

MARC details
000 -LEADER
fixed length control field 00540cam a2200217 4500
008 - FIXED-LENGTH DATA ELEMENTS--GENERAL INFORMATION
fixed length control field 000000n2000 000 0 eng u
020 ## - INTERNATIONAL STANDARD BOOK NUMBER
International Standard Book Number 0860178773
035 ## - SYSTEM CONTROL NUMBER
System control number (Sirsi) u105328
050 ## - LIBRARY OF CONGRESS CALL NUMBER
Classification number 624.152
100 ## - MAIN ENTRY--PERSONAL NAME
Personal name Powrie, W
245 ## - TITLE STATEMENT
Title Prop loads in large braced excavations
260 ## - PUBLICATION, DISTRIBUTION, ETC.
Place of publication, distribution, etc. London
Name of publisher, distributor, etc. CIRA
Date of publication, distribution, etc. 2000
300 ## - PHYSICAL DESCRIPTION
Extent 37p. ; 30cm
350 ## - PRICE (NR) (BK AM CF MU VM SE) [OBSOLETE]
Price 30.00
490 ## - SERIES STATEMENT
Series statement CIRIA
Volume/sequential designation PR77
650 ## - SUBJECT ADDED ENTRY--TOPICAL TERM
Topical term or geographic name entry element EXCAVATIONS
650 ## - SUBJECT ADDED ENTRY--TOPICAL TERM
Topical term or geographic name entry element PROP LOADS
690 ## - LOCAL SUBJECT ADDED ENTRY--TOPICAL TERM (OCLC, RLIN)
Topical term or geographic name as entry element BUILDING AND CONSTRUCTION-ENGINEERING
700 ## - ADDED ENTRY--PERSONAL NAME
Personal name Batten, M
942 ## - ADDED ENTRY ELEMENTS (KOHA)
Suppress in OPAC 0
Holdings
Withdrawn status Lost status Source of classification or shelving scheme Damaged status Not for loan Home library Current library Shelving location Date acquired Total Checkouts Full call number Barcode Date last seen Copy number Price effective from Koha item type
    Dewey Decimal Classification     London London Folio 12/04/2000   F624.152 POW 30061180 06/08/2019 1 06/08/2019 Book